000
00310nam a22001337a 4500
008
181030b xxu||||| |||| 00| 0 eng d
020
_a
9781402015694
041
_a
eng
080
_a
101
100
_a
24
101
_a
FIL
245
_a
Early Modern Natural Law Theories
_c
Hochstrasser, T.J
942
_2
udc
_c
BK
999
_c
51151
_d
51151